[Event "Stuttgart-chB int"]
[Site "Gerlingen"]
[Date "2011.06.02"]
[Round "1"]
[White "Ruff, Robert"]
[Black "Stoll, Katja"]
[Result "1-0"]
[WhiteElo "1785"]
[BlackElo "1564"]
[PlyCount "117"]
[EventDate "2011.06.02"]
[EventType "swiss"]
[EventRounds "7"]
[EventCountry "GER"]
[SourceTitle "EXT 2018"]
[Source "ChessBase"]
[SourceDate "2017.10.13"]
[SourceVersion "1"]
[SourceVersionDate "2017.10.13"]
[SourceQuality "1"]

1. d4 d5 2. c4 c6 3. Nf3 Nf6 4. Nc3 e6 5. Bg5 h6 6. Bh4 Be7 7. e3 Nbd7 8. Qc2 0-0 9. cxd5 exd5 10. Bd3 Re8 11. 0-0 Ne4 12. Bxe7 Qxe7 13. Rab1 Ndf6 14. b4 Nxc3 15. Qxc3 Ne4 16. Qc2 Bd7 17. b5 c5 18. a4 b6 19. Ne5 cxd4 20. exd4 Rac8 21. Nc6 Qg5 22. Rbe1 Bh3 23. f4 Qg6 24. Re3 Bd7 25. Bxe4 dxe4 26. d5 a5 27. Qc3 Qd6 28. Rg3 f6 29. Qb3 Qc5+ 30. Kh1 e3 31. Re1 e2 32. Qf3 Qc2 33. h3 Qxa4 34. d6 Bxc6 35. bxc6 Qxc6 36. Qg4 g5 37. d7 Rcd8 38. dxe8Q+ Rxe8 39. Rxe2 Rxe2 40. Qxe2 Qc1+ 41. Kh2 Qxf4 42. Qf3 Qd6 43. Kg1 Qd4+ 44. Kf1 Qa1+ 45. Ke2 Qb2+ 46. Ke1 Qa1+ 47. Kf2 Qd4+ 48. Qe3 Qb2+ 49. Kf3 Kf7 50. Rg4 Qb5 51. Re4 Qc6 52. Kf2 Qc2+ 53. Qe2 Qc5+ 54. Kf1 Qf5+ 55. Ke1 Kg6 56. g4 Qc5 57. Qd3 Kf7 58. Qd7+ Kg6 59. Qe8+ 1-0